Community engagement 'planning with people' (Record no. 105654)

MARC details
000 -LEADER
fixed length control field 01238cam a2200217 4500
001 - CONTROL NUMBER
control field ##L134351
008 - FIXED-LENGTH DATA ELEMENTS--GENERAL INFORMATION
fixed length control field 060728n2006 000 0 eng u
020 ## - INTERNATIONAL STANDARD BOOK NUMBER
International Standard Book Number 0755961269
035 ## - SYSTEM CONTROL NUMBER
System control number (Sirsi) u134351
041 0# - LANGUAGE CODE
Language code of text/sound track or separate title eng
050 04 - LIBRARY OF CONGRESS CALL NUMBER
Classification number 711.4 $2 18
110 1# - MAIN ENTRY--CORPORATE NAME
Corporate name or jurisdiction name as entry element Scotland
Subordinate unit Scottish Executive Development Department
245 00 - TITLE STATEMENT
Title Community engagement 'planning with people'
Remainder of title consultation draft
260 ## - PUBLICATION, DISTRIBUTION, ETC.
Place of publication, distribution, etc. Edinburgh
Name of publisher, distributor, etc. Scottish Executive
Date of publication, distribution, etc. 2006
520 ## - SUMMARY, ETC.
Summary, etc. Consults on the draft Planning Advice Note (PAN) on community engagement, the first time the Scottish Executive has sought to issue advice to local authorities and developers on how communities should be properly engaged by them in the planning process. Once finalised, the new PAN will show how everyone can participate in shaping the future of their area and what communities can expect from the new planning process. Responses are required by 13 October 2006.
590 ## - LOCAL NOTE (RLIN)
Local note IKA010806
651 #4 - SUBJECT ADDED ENTRY--GEOGRAPHIC NAME
Geographic name Scotland
Chronological subdivision 1999-
690 ## - LOCAL SUBJECT ADDED ENTRY--TOPICAL TERM (OCLC, RLIN)
Topical term or geographic name as entry element ENVIRONMENTAL AND LAND CONSULTANCY-PLANNING AND DEVELOPMENT-PLANNING GUIDANCE
856 40 - ELECTRONIC LOCATION AND ACCESS
Uniform Resource Identifier <a href="https://www.scotland.gov.uk/Publications/2006/07/14093848/0">https://www.scotland.gov.uk/Publications/2006/07/14093848/0</a>
Public note View the draft consultation of free of charge at www.scotland .gov.uk...
942 ## - ADDED ENTRY ELEMENTS (KOHA)
Suppress in OPAC 0
Holdings
Withdrawn status Lost status Source of classification or shelving scheme Damaged status Not for loan Home library Current library Shelving location Date acquired Total Checkouts Full call number Barcode Date last seen Copy number Price effective from Koha item type
    Dewey Decimal Classification     Virtual Virtual Online 28/07/2006   ONLINE PUBLICATION 134351-2001 06/08/2019 1 06/08/2019 Book